000 00818 a2200193 4500
001 57289
005 20260407155835.0
008 260407a1967 arg spa d
003 AR-UNSa-BCEJYS
040 _aAR-UNSa-BCEJYS
_bspa
_cAR-UNSa-BCEJYS
080 _a331.2
_xSalarios. Sueldos. Remuneraciones
245 1 0 _aLos aumentos masivos de salarios
264 1 _aBuenos Aires :
_bLosada
_c1967
300 _a138 p.
_c20 cm.
505 _a1. Los aumentos masivos de salarios como factor – patrón de la crisis de estabilidad económica – 2. El coeficiente de productividad como árbitro de la puja entre precios y salarios – 3. Plan para neutralizar los aumentos de costos ocasionados por el alza de los precios
942 _cBK
590 _aniveau_biblio:m niveau_hierar:0
100 1 _aAlvarez, Carlos Emiliano
999 _c6181
_d6181